Statistics for Top Universities in the UK

Click here to take the quiz!

General Stats

  • This quiz has been taken 53 times
  • The average score is 20 of 30

Answer Stats

UK RankUniversityWorld RankRussell?% Correct
2Oxford4Yes
100%
1Cambridge2Yes
98%
6Manchester28Yes
96%
5Edinburgh15Yes
90%
14Birmingham91Yes
86%
13Leeds86Yes
86%
26Liverpool190Yes
86%
19Newcastle122Yes
82%
9Bristol61Yes
80%
18Nottingham114Yes
80%
12Glasgow81Yes
78%
24Cardiff166Yes
76%
15Durham92Yes
74%
11Southampton78Yes
74%
22York162Yes
74%
17St Andrew's96
72%
4University College London (UCL)8Yes
72%
16Sheffield96Yes
70%
27Aberdeen220
62%
23Exeter163Yes
62%
8London School of Economics and Political Science (LSE)56Yes
62%
25Bath179
58%
10Warwick62Yes
56%
3Imperial College London (ICL)6Yes
52%
21Lancaster146
48%
29Queen's (Belfast)233Yes
44%
28Reading229
44%
30Sussex240
30%
20Queen Mary125Yes
28%
7King's College London (KCL)37Yes
26%

Score Distribution

Percentile by Number Answered

Percent of People with Each Score

Your Score History

You have not taken this quiz